<?xml version="1.0" encoding="UTF-8"?>
<record
    xmlns:xsi="http://www.w3.org/2001/XMLSchema-instance"
    xsi:schemaLocation="http://www.loc.gov/MARC21/slim http://www.loc.gov/standards/marcxml/schema/MARC21slim.xsd"
    xmlns="http://www.loc.gov/MARC21/slim">

  <leader>00542nam a22001457a 4500</leader>
  <controlfield tag="003">OSt</controlfield>
  <controlfield tag="005">20150908162843.0</controlfield>
  <controlfield tag="008">150908b        xxu||||| |||| 00| 0 eng d</controlfield>
  <datafield tag="040" ind1=" " ind2=" ">
    <subfield code="c">RUA</subfield>
  </datafield>
  <datafield tag="082" ind1=" " ind2=" ">
    <subfield code="a">RUA &#x17A0;&#x17B6;&#x179C; 1993 BOOB Or.8</subfield>
  </datafield>
  <datafield tag="100" ind1=" " ind2=" ">
    <subfield code="9">169</subfield>
    <subfield code="a">&#x17A0;&#x17B6;&#x179C; &#x1795;&#x179B;&#x179F;&#x1798;&#x17D2;&#x1794;&#x178F;&#x17D2;&#x178F;&#x17B7;</subfield>
  </datafield>
  <datafield tag="245" ind1=" " ind2=" ">
    <subfield code="a">&#x1794;&#x1785;&#x17D2;&#x1785;&#x17C1;&#x1780;&#x179C;&#x17B7;&#x1791;&#x17D2;&#x1799;&#x17B6;&#x179F;&#x1798;&#x179F;&#x17D2;&#x179A;&#x1794;&#x1780;&#x17D2;&#x1793;&#x17BB;&#x1784;&#x1795;&#x179B;&#x17B7;&#x178F;&#x1780;&#x1798;&#x17D2;&#x1798;&#x179F;&#x17D2;&#x179A;&#x17BC;&#x179C;&#x178A;&#x17C2;&#x179B;&#x1794;&#x17D2;&#x179A;&#x17BE;&#x1794;&#x17D2;&#x179A;&#x17B6;&#x179F;&#x17CB; &#x178A;&#x17C4;&#x1799;&#x1780;&#x179F;&#x17B7;&#x1780;&#x179A;&#x1780;&#x1798;&#x17D2;&#x1796;&#x17BB;&#x1787;&#x17B6;</subfield>
  </datafield>
  <datafield tag="260" ind1=" " ind2=" ">
    <subfield code="a">pp.</subfield>
    <subfield code="b">rua</subfield>
    <subfield code="c">1993</subfield>
  </datafield>
  <datafield tag="942" ind1=" " ind2=" ">
    <subfield code="2">ddc</subfield>
    <subfield code="c">AGR</subfield>
  </datafield>
  <datafield tag="999" ind1=" " ind2=" ">
    <subfield code="c">150</subfield>
    <subfield code="d">150</subfield>
  </datafield>
  <datafield tag="952" ind1=" " ind2=" ">
    <subfield code="0">0</subfield>
    <subfield code="1">0</subfield>
    <subfield code="2">ddc</subfield>
    <subfield code="4">0</subfield>
    <subfield code="6">RUA_&#x17A0;&#x17B6;&#x179C;_1993_000000000000000_BOOB_OR_1</subfield>
    <subfield code="7">0</subfield>
    <subfield code="9">565</subfield>
    <subfield code="a">LBB</subfield>
    <subfield code="b">LBB</subfield>
    <subfield code="c">B008</subfield>
    <subfield code="d">2015-09-08</subfield>
    <subfield code="o">RUA &#x17A0;&#x17B6;&#x179C; 1993 BOOB Or.1</subfield>
    <subfield code="p">RUA004530</subfield>
    <subfield code="r">2015-09-08</subfield>
    <subfield code="w">2015-09-08</subfield>
    <subfield code="y">AGR</subfield>
  </datafield>
  <datafield tag="952" ind1=" " ind2=" ">
    <subfield code="0">0</subfield>
    <subfield code="1">0</subfield>
    <subfield code="2">ddc</subfield>
    <subfield code="4">0</subfield>
    <subfield code="6">RUA_&#x17A0;&#x17B6;&#x179C;_1993_000000000000000_BOOB_OR_2</subfield>
    <subfield code="7">0</subfield>
    <subfield code="9">566</subfield>
    <subfield code="a">LBB</subfield>
    <subfield code="b">LBB</subfield>
    <subfield code="c">B008</subfield>
    <subfield code="d">2015-09-08</subfield>
    <subfield code="o">RUA &#x17A0;&#x17B6;&#x179C; 1993 BOOB Or.2</subfield>
    <subfield code="p">RUA005000</subfield>
    <subfield code="r">2015-09-08</subfield>
    <subfield code="w">2015-09-08</subfield>
    <subfield code="y">AGR</subfield>
  </datafield>
  <datafield tag="952" ind1=" " ind2=" ">
    <subfield code="0">0</subfield>
    <subfield code="1">0</subfield>
    <subfield code="2">ddc</subfield>
    <subfield code="4">0</subfield>
    <subfield code="6">RUA_&#x17A0;&#x17B6;&#x179C;_1993_000000000000000_BOOB_OR_3</subfield>
    <subfield code="7">0</subfield>
    <subfield code="9">567</subfield>
    <subfield code="a">LBB</subfield>
    <subfield code="b">LBB</subfield>
    <subfield code="c">B008</subfield>
    <subfield code="d">2015-09-08</subfield>
    <subfield code="o">RUA &#x17A0;&#x17B6;&#x179C; 1993 BOOB Or.3</subfield>
    <subfield code="p">RUA004912</subfield>
    <subfield code="r">2015-09-08</subfield>
    <subfield code="w">2015-09-08</subfield>
    <subfield code="y">AGR</subfield>
  </datafield>
  <datafield tag="952" ind1=" " ind2=" ">
    <subfield code="0">0</subfield>
    <subfield code="1">0</subfield>
    <subfield code="2">ddc</subfield>
    <subfield code="4">0</subfield>
    <subfield code="6">RUA_&#x17A0;&#x17B6;&#x179C;_1993_000000000000000_BOOB_OR_4</subfield>
    <subfield code="7">0</subfield>
    <subfield code="9">568</subfield>
    <subfield code="a">LBB</subfield>
    <subfield code="b">LBB</subfield>
    <subfield code="c">B008</subfield>
    <subfield code="d">2015-09-08</subfield>
    <subfield code="o">RUA &#x17A0;&#x17B6;&#x179C; 1993 BOOB Or.4</subfield>
    <subfield code="p">RUA004840</subfield>
    <subfield code="r">2015-09-08</subfield>
    <subfield code="w">2015-09-08</subfield>
    <subfield code="y">AGR</subfield>
  </datafield>
  <datafield tag="952" ind1=" " ind2=" ">
    <subfield code="0">0</subfield>
    <subfield code="1">0</subfield>
    <subfield code="2">ddc</subfield>
    <subfield code="4">0</subfield>
    <subfield code="6">RUA_&#x17A0;&#x17B6;&#x179C;_1993_000000000000000_BOOB_OR_8</subfield>
    <subfield code="7">0</subfield>
    <subfield code="9">569</subfield>
    <subfield code="a">LBB</subfield>
    <subfield code="b">LBB</subfield>
    <subfield code="c">B008</subfield>
    <subfield code="d">2015-09-08</subfield>
    <subfield code="o">RUA &#x17A0;&#x17B6;&#x179C; 1993 BOOB Or.8</subfield>
    <subfield code="r">2015-09-08</subfield>
    <subfield code="w">2015-09-08</subfield>
    <subfield code="y">AGR</subfield>
  </datafield>
  <datafield tag="952" ind1=" " ind2=" ">
    <subfield code="0">0</subfield>
    <subfield code="1">0</subfield>
    <subfield code="2">ddc</subfield>
    <subfield code="4">0</subfield>
    <subfield code="6">RUA_&#x17A0;&#x17B6;&#x179C;_1993_000000000000000_BOOB_OR_6</subfield>
    <subfield code="7">0</subfield>
    <subfield code="9">570</subfield>
    <subfield code="a">LBB</subfield>
    <subfield code="b">LBB</subfield>
    <subfield code="c">B008</subfield>
    <subfield code="d">2015-09-08</subfield>
    <subfield code="l">1</subfield>
    <subfield code="o">RUA &#x17A0;&#x17B6;&#x179C; 1993 BOOB Or.6</subfield>
    <subfield code="p">RUA005463</subfield>
    <subfield code="r">2018-07-09</subfield>
    <subfield code="s">2018-06-29</subfield>
    <subfield code="w">2015-09-08</subfield>
    <subfield code="y">AGR</subfield>
  </datafield>
  <datafield tag="952" ind1=" " ind2=" ">
    <subfield code="0">0</subfield>
    <subfield code="1">0</subfield>
    <subfield code="2">ddc</subfield>
    <subfield code="4">0</subfield>
    <subfield code="6">RUA_&#x17A0;&#x17B6;&#x179C;_1993_000000000000000_BOOB_OR_7</subfield>
    <subfield code="7">0</subfield>
    <subfield code="9">571</subfield>
    <subfield code="a">LBB</subfield>
    <subfield code="b">LBB</subfield>
    <subfield code="c">B008</subfield>
    <subfield code="d">2015-09-08</subfield>
    <subfield code="o">RUA &#x17A0;&#x17B6;&#x179C; 1993 BOOB Or.7</subfield>
    <subfield code="p">RUA005676</subfield>
    <subfield code="r">2015-09-08</subfield>
    <subfield code="w">2015-09-08</subfield>
    <subfield code="y">AGR</subfield>
  </datafield>
  <datafield tag="952" ind1=" " ind2=" ">
    <subfield code="0">0</subfield>
    <subfield code="1">0</subfield>
    <subfield code="2">ddc</subfield>
    <subfield code="4">0</subfield>
    <subfield code="6">RUA_&#x17A0;&#x17B6;&#x179C;_1993_000000000000000_BOOB_OR_8</subfield>
    <subfield code="7">0</subfield>
    <subfield code="9">572</subfield>
    <subfield code="a">LBB</subfield>
    <subfield code="b">LBB</subfield>
    <subfield code="c">B008</subfield>
    <subfield code="d">2015-09-08</subfield>
    <subfield code="o">RUA &#x17A0;&#x17B6;&#x179C; 1993 BOOB Or.8</subfield>
    <subfield code="p">RUA005618</subfield>
    <subfield code="r">2015-09-08</subfield>
    <subfield code="w">2015-09-08</subfield>
    <subfield code="y">AGR</subfield>
  </datafield>
</record>
